000 00291nam a2200109Ia 4500
008 171211s9999 xx 000 0 und d
245 _aEvery Which Way Crochet Borders
245 _cEdie Eckman
260 _c2017
650 _xHobbies
856 _uhttp://down.ebook777.com/063/1612127401.pdf
999 _c350340
_d350340